ბათუმის შოთა რუსთაველის სახელმწიფო უნივერსიტეტის ბიბლიოთეკა

ჩაპაევი (ბიბ.ჩანაწერი № 49823)

000 -LEADER
fixed length control field 00705nam a2200229Ia 4500
001 - CONTROL NUMBER
control field 16758
003 - CONTROL NUMBER IDENTIFIER
control field GE_BSU
008 - FIXED-LENGTH DATA ELEMENTS--GENERAL INFORMATION
fixed length control field 181216s||||||||xx |||||||||||||| ||und||
040 ## - CATALOGING SOURCE
Transcribing agency GE_BSU
080 ## - UNIVERSAL DECIMAL CLASSIFICATION NUMBER
Universal Decimal Classification number 82-93:821.161.1-3
100 ## - MAIN ENTRY--PERSONAL NAME
Personal name ფურმანოვი, დ.
245 ## - TITLE STATEMENT
Title ჩაპაევი
245 ## - TITLE STATEMENT
Remainder of title მოთხრობა ბავშვთათვის
245 ## - TITLE STATEMENT
Statement of responsibility, etc. რედ.ბ.ნანიტაშვული
260 ## - PUBLICATION, DISTRIBUTION, ETC.
Place of publication, distribution, etc. თბილისი
260 ## - PUBLICATION, DISTRIBUTION, ETC.
Name of publisher, distributor, etc. საბლიტგამი
260 ## - PUBLICATION, DISTRIBUTION, ETC.
Date of publication, distribution, etc. 1957
300 ## - PHYSICAL DESCRIPTION
Extent 296გვ. ; 22სმ
653 ## - INDEX TERM--UNCONTROLLED
Uncontrolled term მოთხრობა ბავშვთათვის
653 ## - INDEX TERM--UNCONTROLLED
Uncontrolled term ჩაპაევი
942 ## - ADDED ENTRY ELEMENTS (KOHA)
Koha item type წიგნი
ეგზემპლარები
Withdrawn status Lost status Damaged status Not for loan Date acquired Barcode Date last seen Price effective from Koha item type
        2018-12-17 22045 2018-12-17 2018-12-17 წიგნი